00434nam a2200133 a 450000100100000000500170001000800410002704000250006808200150009311000450010824500570015326000700021030000200028000002708320200930030606.0110329s1974 dr 000 0 spa d aDO-SdBNPbspacBNPHU axxxxbI59D2 aInstituto Dominicano de Seguros Sociales10aPlan de desarrollo de la seguridad social 1974-1978. aSanto Domingo :bInstituto Dominicano de Seguros Sociales,c1974. a50 p. ;c29 cm.